| 000 | 00869 a2200229 4500 | ||
|---|---|---|---|
| 999 |
_c4653 _d4653 |
||
| 020 | _a0750707356 (cased) | ||
| 020 | _a0750707348 (pbk.) | ||
| 050 | 0 | 0 | _aLC1200AIN1999 |
| 100 | 1 | _aAinscow, Mel. | |
| 245 | 1 | 0 |
_aUnderstanding the development of inclusive schools / _cMel Ainscow. |
| 264 |
_aLondon: _bFalmer press, _c1999 |
||
| 300 | _axv, 235 p. : | ||
| 440 | 0 | _aStudies in inclusive education series | |
| 500 | _aincludes index | ||
| 504 | _aIncludes bibliographical references (p. 221-229) and index. | ||
| 650 | 0 | _aInclusive education. | |
| 650 | 0 | _aMainstreaming in education. | |
| 650 | 0 | _aSpecial education. | |
| 856 | 4 | 2 |
_3Publisher description _uhttp://www.loc.gov/catdir/enhancements/fy0652/99218329-d.html |
| 942 |
_2lcc _cBK _h1200 _iAIN _kLC |
||